| 000 | 00487cam a2200193 4500 | ||
|---|---|---|---|
| 001 | D835 | ||
| 008 | 090401t1983 xxu||||| |||| 00| 0 eng d | ||
| 035 | _a(Sirsi) u48343 | ||
| 041 | _aeng | ||
| 050 | _a696 | ||
| 100 | _aAlder, Jim | ||
| 245 | _aGuide to services selection and integration in low rise buildings | ||
| 260 |
_aLondon _bBatsford _c1983 |
||
| 300 | _a159p. illus. 25cm | ||
| 350 | _a14.95 | ||
| 490 | _aMitchell`s Building Books | ||
| 942 | _n0 | ||
| 948 | _c04/03/1997 | ||
| 999 |
_c92321 _d92321 |
||